000 00540nam a22001697a 4500
999 _c25283
_d25283
003 BDDh-ASL
005 20231015030454.0
008 210629s1999 usa||||| |||| 00| 0 eng d
040 _aBDDh-ASL
_cBDDh-ASL
082 _a922
_bCAI
245 0 0 _aCaitanya Caritamrta of Krsnadasa Kaviraja :
_cA Translation and Commentary by Edward C. Dimock, Jr.
260 _aMassachusetts, USA:
_bHarvard University Press,
_c1999.
300 _a1171 p. :
_c26 cm.
650 0 _91339
_aBiography
700 1 _94147
_aDimock, Edward C.
942 _2ddc
_cBK